[Event "Madrid ch Veteranos  2019-2020"]
[Site "Maddrid ESP"]
[Date "2020.01.13"]
[Round "1.1"]
[White "Elissalt Cardenas, Hector"]
[Black "Hernandez Gutierrez, Jose"]
[Result "1-0"]
[WhiteElo "2270"]
[BlackElo "1785"]
[PlyCount "79"]
[EventDate "2020.01.13"]
[EventType "swiss"]
[EventRounds "9"]
[EventCountry "ESP"]
[SourceTitle "Ajedrez en Madrid"]
[Source "lmi"]
[SourceDate "2020.01.13"]
[SourceVersion "1"]
[SourceVersionDate "2020.01.27"]
[SourceQuality "1"]

1. d4 d5 2. Bf4 Bf5 3. c4 dxc4 4. Nc3 Nf6 5. f3 c6 6. e4 Bg6 7. Bxc4 e6 8. Nge2
Be7 9. O-O O-O 10. Qd2 Nbd7 11. Rfd1 b5 12. Bb3 a5 13. a4 b4 14. Na2 Rc8 15.
Rac1 Qb6 16. Be3 Qb7 17. Nf4 Rfd8 18. Qe2 Nb6 19. Rc2 Rd7 20. Nc1 Rdc7 21. Ncd3
Nbd7 22. Rdc1 Bf8 23. h4 Be7 24. g4 Bxe4 25. fxe4 Nxe4 26. Qf3 Nef6 27. Nxe6
fxe6 28. Bxe6+ Kh8 29. Bf4 c5 30. d5 Rf8 31. Bxc7 Qxc7 32. Qg2 Qd6 33. b3 Nb6
34. Rxc5 Rd8 35. Rc6 Qb8 36. Kh1 Nbxd5 37. Rc8 Qd6 38. R1c6 Nf4 39. Rxd6 Rxc8
40. Rc6 1-0

[Event "Madrid ch Veteranos  2019-2020"]
[Site "Maddrid ESP"]
[Date "2020.01.13"]
[Round "1.2"]
[White "Fernandez Garcia, Ignacio"]
[Black "Nuñez Muñoz, Jesus"]
[Result "0-1"]
[WhiteElo "1770"]
[BlackElo "2162"]
[PlyCount "82"]
[EventDate "2020.01.13"]
[EventType "swiss"]
[EventRounds "9"]
[EventCountry "ESP"]
[SourceTitle "Ajedrez en Madrid"]
[Source "lmi"]
[SourceDate "2020.01.13"]
[SourceVersion "1"]
[SourceVersionDate "2020.01.27"]
[SourceQuality "1"]

1. e4 c5 2. c3 Nf6 3. e5 Nd5 4. d4 cxd4 5. cxd4 d6 6. Nf3 Nc6 7. Bc4 Nb6 8.
Bxf7+ Kxf7 9. Ng5+ Kg8 10. Qb3+ d5 11. Qf3 Qe8 12. e6 Nd8 13. Nc3 Nxe6 14. O-O
Nxg5 15. Bxg5 Qf7 16. Qd1 e6 17. Bh4 Bd7 18. f4 Be7 19. Bg3 Bf6 20. Bf2 g6 21.
b3 Kg7 22. g4 Rhf8 23. h4 Kh8 24. Bg3 Qe7 25. g5 Bg7 26. Ne2 Nc8 27. Rc1 Bb5
28. Rf2 Bxe2 29. Rxe2 Nd6 30. Rc3 Ne4 31. Rce3 Rac8 32. h5 Nxg3 33. Rxg3 Rxf4
34. hxg6 Bxd4+ 35. Kg2 Rcf8 36. Qd3 R8f5 37. gxh7 Rxg5 38. Rc2 Rxg3+ 39. Qxg3
Rf8 40. Rc7 Qf6 41. Rc1 Qf2+ 0-1

[Event "Madrid ch Veteranos  2019-2020"]
[Site "Maddrid ESP"]
[Date "2020.01.13"]
[Round "1.3"]
[White "Pastor Alonso De Prado, Alberto"]
[Black "Ortiz Landeira, Jose Antonio"]
[Result "1-0"]
[WhiteElo "2074"]
[BlackElo "1760"]
[PlyCount "73"]
[EventDate "2020.01.13"]
[EventType "swiss"]
[EventRounds "9"]
[EventCountry "ESP"]
[SourceTitle "Ajedrez en Madrid"]
[Source "lmi"]
[SourceDate "2020.01.13"]
[SourceVersion "1"]
[SourceVersionDate "2020.01.27"]
[SourceQuality "1"]

1. e4 c5 2. c3 d5 3. exd5 Qxd5 4. d4 cxd4 5. cxd4 Nc6 6. Nf3 e6 7. Nc3 Bb4 8.
Bd3 h6 9. O-O Bxc3 10. bxc3 Nge7 11. Re1 O-O 12. Ne5 Nxe5 13. Rxe5 Qd7 14. Qh5
f6 15. Re3 Qd5 16. Qe2 Qa5 17. Bd2 Qc7 18. Bc4 Nf5 19. Rxe6 Bxe6 20. Bxe6+ Kh8
21. Bxf5 Rfe8 22. Qh5 Kg8 23. Qg6 Qf7 24. Qh7+ Kf8 25. Bg6 Qg8 26. Qxg8+ Kxg8
27. Bxe8 Rxe8 28. Re1 Rb8 29. Re7 g5 30. Kf1 a6 31. Ke2 h5 32. Kd3 h4 33. c4
Kf8 34. Bb4 Kg8 35. d5 a5 36. Bc3 b5 37. c5 1-0

[Event "Madrid ch Veteranos  2019-2020"]
[Site "Maddrid ESP"]
[Date "2020.01.13"]
[Round "1.4"]
[White "Lopez Heras, Arturo"]
[Black "Martin Rodriguez, Emilio"]
[Result "1/2-1/2"]
[WhiteElo "1742"]
[BlackElo "2026"]
[PlyCount "87"]
[EventDate "2020.01.13"]
[EventType "swiss"]
[EventRounds "9"]
[EventCountry "ESP"]
[SourceTitle "Ajedrez en Madrid"]
[Source "lmi"]
[SourceDate "2020.01.13"]
[SourceVersion "1"]
[SourceVersionDate "2020.01.27"]
[SourceQuality "1"]

1. e4 d5 2. exd5 Qxd5 3. Nc3 Qd8 4. d4 Nf6 5. Bg5 e6 6. Nf3 Be7 7. Be2 O-O 8.
O-O Nbd7 9. Ne5 c6 10. Bd3 Qc7 11. Nxd7 Qxd7 12. Ne2 Rd8 13. c3 c5 14. Qc2 h6
15. Bxf6 Bxf6 16. Rad1 cxd4 17. Nxd4 Qe7 18. Rfe1 Bd7 19. Nf5 Qf8 20. Ng3 g6
21. Ne4 Bg7 22. Re3 Bc6 23. h4 Rd5 24. Bc4 Re5 25. Rde1 Bxe4 26. Rxe4 Rc5 27.
b4 Rc6 28. Bb5 Rxc3 29. Qe2 Rac8 30. Bc4 a6 31. h5 g5 32. Bb3 Kh8 33. f4 gxf4
34. Rxf4 Qd8 35. Qg4 Rc1 36. Bd1 Qg5 37. Qxg5 hxg5 38. Rxf7 Bc3 39. Ref1 Rd8
40. Bb3 Bd4+ 41. Kh2 Rxf1 42. Rxf1 Be5+ 43. Kg1 Rd6 44. Rf7 1/2-1/2

[Event "Madrid ch Veteranos  2019-2020"]
[Site "Maddrid ESP"]
[Date "2020.01.13"]
[Round "1.5"]
[White "Gonzalez Rivera, Eduardo"]
[Black "Cruz Gonzalez, Antonio"]
[Result "1-0"]
[WhiteElo "2024"]
[BlackElo "1737"]
[PlyCount "88"]
[EventDate "2020.01.13"]
[EventType "swiss"]
[EventRounds "9"]
[EventCountry "ESP"]
[SourceTitle "Ajedrez en Madrid"]
[Source "lmi"]
[SourceDate "2020.01.13"]
[SourceVersion "1"]
[SourceVersionDate "2020.01.27"]
[SourceQuality "1"]

1. e4 g6 2. d4 Bg7 3. Nc3 c6 4. Be3 d5 5. e5 Nh6 6. Qd2 Nf5 7. Bf4 h5 8. O-O-O
Na6 9. Be2 Nc7 10. Bd3 Ne6 11. Nge2 Nfxd4 12. Kb1 Nxe2 13. Bxe2 Nxf4 14. Qxf4
Qc7 15. Qa4 O-O 16. f4 b5 17. Qd4 Be6 18. Rhg1 c5 19. Nxd5 Bxd5 20. Qxd5 Rad8
21. Qf3 Rxd1+ 22. Rxd1 a6 23. Qd5 Rc8 24. Bf3 a5 25. Be2 e6 26. Qd7 Qxd7 27.
Rxd7 c4 28. c3 Bf8 29. Ra7 a4 30. Rb7 Rc5 31. Kc2 Bg7 32. Bf3 f6 33. exf6 Bxf6
34. Rb6 Rf5 35. g3 g5 36. Be4 Rc5 37. Rxe6 Kf7 38. Rc6 Rxc6 39. Bxc6 gxf4 40.
gxf4 Ke6 41. Bxb5 Kd5 42. Bxa4 Kc5 43. h3 Kd5 44. Kd2 Ke4 1-0

[Event "Madrid ch Veteranos  2019-2020"]
[Site "Maddrid ESP"]
[Date "2020.01.13"]
[Round "1.6"]
[White "Corredor Gonzalez, Angel L."]
[Black "Lorenzo Bailador, Alfredo"]
[Result "0-1"]
[WhiteElo "1733"]
[BlackElo "2019"]
[PlyCount "56"]
[EventDate "2020.01.13"]
[EventType "swiss"]
[EventRounds "9"]
[EventCountry "ESP"]
[SourceTitle "Ajedrez en Madrid"]
[Source "lmi"]
[SourceDate "2020.01.13"]
[SourceVersion "1"]
[SourceVersionDate "2020.01.27"]
[SourceQuality "1"]

1. e4 e5 2. Nf3 Nc6 3. Bc4 Nf6 4. d4 exd4 5. O-O Nxe4 6. Re1 d5 7. Bxd5 Qxd5 8.
Nc3 Qa5 9. Nxe4 Be6 10. Neg5 O-O-O 11. Nxe6 fxe6 12. Rxe6 Bd6 13. Bd2 Qh5 14.
Qe2 d3 15. Qe4 Nd4 16. h3 Nxe6 17. Qxe6+ Kb8 18. cxd3 Rhf8 19. Rc1 Qf5 20. Qc4
h6 21. Be3 Bf4 22. d4 g5 23. Bxf4 Qxf4 24. Rc2 c6 25. Re2 Rd7 26. Qe6 Qd6 27.
Qg4 Re7 28. Re5 Rfe8 0-1

[Event "Madrid ch Veteranos  2019-2020"]
[Site "Maddrid ESP"]
[Date "2020.01.13"]
[Round "1.7"]
[White "Alonso Abad, Enrique"]
[Black "Maseda Iglesias, Luis"]
[Result "1/2-1/2"]
[WhiteElo "2002"]
[BlackElo "1722"]
[PlyCount "84"]
[EventDate "2020.01.13"]
[EventType "swiss"]
[EventRounds "9"]
[EventCountry "ESP"]
[SourceTitle "Ajedrez en Madrid"]
[Source "lmi"]
[SourceDate "2020.01.13"]
[SourceVersion "1"]
[SourceVersionDate "2020.01.27"]
[SourceQuality "1"]

1. e4 d5 2. exd5 Qxd5 3. Nc3 Qd6 4. Nf3 Nf6 5. Be2 Bg4 6. h3 Bxf3 7. Bxf3 c6 8.
d3 e6 9. O-O Be7 10. Ne4 Qc7 11. Nxf6+ Bxf6 12. c3 Nd7 13. d4 O-O 14. Re1 Rad8
15. Be4 Rfe8 16. Qc2 Nf8 17. Be3 e5 18. Rad1 exd4 19. Bxd4 Bxd4 20. Rxd4 Rxd4
21. Bxh7+ Kh8 22. Rxe8 Rd8 23. Rxd8 Qxd8 24. Qd3 Qe7 25. Qe4 Qd8 26. Bf5 Qd1+
27. Kh2 Qd6+ 28. g3 g6 29. Qd3 Qc5 30. Be4 Qxf2+ 31. Bg2 Qxb2 32. Qd4+ Kg8 33.
Qxa7 b6 34. a4 c5 35. a5 bxa5 36. Qxa5 c4 37. h4 Ne6 38. Kh3 Qe2 39. Qa1 Qd3
40. Qa8+ Kg7 41. Qf3 Nc5 42. h5 Qxf3 1/2-1/2

[Event "Madrid ch Veteranos  2019-2020"]
[Site "Maddrid ESP"]
[Date "2020.01.13"]
[Round "1.8"]
[White "Lopez Orellana, Federico"]
[Black "Martin Martin, Luis Vicente"]
[Result "1/2-1/2"]
[WhiteElo "1714"]
[BlackElo "1985"]
[PlyCount "69"]
[EventDate "2020.01.13"]
[EventType "swiss"]
[EventRounds "9"]
[EventCountry "ESP"]
[SourceTitle "Ajedrez en Madrid"]
[Source "lmi"]
[SourceDate "2020.01.13"]
[SourceVersion "1"]
[SourceVersionDate "2020.01.27"]
[SourceQuality "1"]

1. f4 b6 2. b3 Bb7 3. Nf3 Nf6 4. e3 g6 5. Bb2 Bg7 6. Be2 O-O 7. O-O d6 8. Nc3
Nbd7 9. Ng5 c5 10. Bf3 d5 11. Ne2 Qc7 12. d3 e5 13. g3 h6 14. Nh3 e4 15. Bg2
Ng4 16. Bxg7 Kxg7 17. Qd2 exd3 18. Nc3 Ndf6 19. Qxd3 Qe7 20. Rae1 Rad8 21. Nf2
Nxf2 22. Rxf2 d4 23. Na4 Ng4 24. Rfe2 Nxe3 25. Bxb7 Qxb7 26. Nb2 Qc6 27. Nc4
Nxc4 28. Qxc4 Rfe8 29. Re7 Rxe7 30. Rxe7 Qd5 31. Qxd5 Rxd5 32. Rxa7 d3 33. cxd3
Rxd3 34. Ra6 Rd2 35. a4 1/2-1/2

[Event "Madrid ch Veteranos  2019-2020"]
[Site "Maddrid ESP"]
[Date "2020.01.13"]
[Round "1.9"]
[White "De la Orden Alcocer, Alejandro"]
[Black "Barragan Panal, Juan Jose"]
[Result "1-0"]
[WhiteElo "1972"]
[BlackElo "1679"]
[PlyCount "63"]
[EventDate "2020.01.13"]
[EventType "swiss"]
[EventRounds "9"]
[EventCountry "ESP"]
[SourceTitle "Ajedrez en Madrid"]
[Source "lmi"]
[SourceDate "2020.01.13"]
[SourceVersion "1"]
[SourceVersionDate "2020.01.27"]
[SourceQuality "1"]

1. Nf3 Nf6 2. c4 b6 3. g3 Bb7 4. Bg2 g6 5. Nc3 Bg7 6. O-O O-O 7. d3 d6 8. Bg5
Nbd7 9. Qd2 Re8 10. Rac1 Nf8 11. Qc2 c6 12. b4 Ne6 13. Be3 Ng4 14. Bd2 Nd4 15.
Nxd4 Bxd4 16. h3 Bxf2+ 17. Rxf2 Nxf2 18. Kxf2 e5 19. b5 Qd7 20. bxc6 Bxc6 21.
Bxc6 Qxc6 22. Nd5 Kg7 23. Bg5 Re6 24. Qd2 f6 25. Bh6+ Kf7 26. e4 Rg8 27. h4 Rc8
28. Kg2 b5 29. Qf2 Qd7 30. Rf1 Qd8 31. Bg5 bxc4 32. Qxa7+ 1-0

[Event "Madrid ch Veteranos  2019-2020"]
[Site "Maddrid ESP"]
[Date "2020.01.13"]
[Round "1.10"]
[White "Bellagamba, Pascal"]
[Black "Serrano Baylin, Francisco"]
[Result "0-1"]
[WhiteElo "1635"]
[BlackElo "1956"]
[PlyCount "98"]
[EventDate "2020.01.13"]
[EventType "swiss"]
[EventRounds "9"]
[EventCountry "ESP"]
[SourceTitle "Ajedrez en Madrid"]
[Source "lmi"]
[SourceDate "2020.01.13"]
[SourceVersion "1"]
[SourceVersionDate "2020.01.27"]
[SourceQuality "1"]

1. e4 e5 2. Nc3 Nf6 3. Bc4 d6 4. d3 Be7 5. Nge2 O-O 6. O-O c6 7. Bd2 Nbd7 8.
Ng3 b5 9. Bb3 Nc5 10. Nce2 a5 11. a3 Nxb3 12. cxb3 Be6 13. Rc1 Qb6 14. Be3 Qb7
15. h3 Rfd8 16. d4 Rac8 17. Qd3 Qb8 18. f4 a4 19. b4 Bc4 20. Qd2 d5 21. fxe5
Nxe4 22. Nxe4 dxe4 23. Qe1 Rf8 24. Rf4 Bg5 25. Rxe4 Bd5 26. Ng3 Bxe4 27. Nxe4
Bxe3+ 28. Qxe3 Qa7 29. Nd6 Rc7 30. Qc3 Qb6 31. Qe3 f6 32. Rc5 fxe5 33. dxe5 Re7
34. Qg5 Qa7 35. Kh2 h6 36. Qg6 Qd7 37. Ne4 Qf5 38. Qd6 Qf4+ 39. Ng3 Rfe8 40.
Qxc6 h5 41. Qd5+ Kh8 42. e6 h4 43. Qh5+ Kg8 44. Rf5 hxg3+ 45. Kg1 Qe3+ 46. Kf1
Qc1+ 47. Ke2 Rxe6+ 48. Kf3 Qe3+ 49. Kg4 Re4+ 0-1

[Event "Madrid ch Veteranos  2019-2020"]
[Site "Maddrid ESP"]
[Date "2020.01.13"]
[Round "1.11"]
[White "Tereso Martin, Antonio"]
[Black "Becerra Baigorri, Jose"]
[Result "1/2-1/2"]
[WhiteElo "1954"]
[BlackElo "1633"]
[PlyCount "157"]
[EventDate "2020.01.13"]
[EventType "swiss"]
[EventRounds "9"]
[EventCountry "ESP"]
[SourceTitle "Ajedrez en Madrid"]
[Source "lmi"]
[SourceDate "2020.01.13"]
[SourceVersion "1"]
[SourceVersionDate "2020.01.27"]
[SourceQuality "1"]

1. b3 e5 2. Bb2 Nc6 3. e3 Nf6 4. Bb5 d6 5. Ne2 Bd7 6. d4 exd4 7. Nxd4 Nxd4 8.
Bxd7+ Qxd7 9. Qxd4 Qg4 10. O-O Qxd4 11. Bxd4 Be7 12. c4 O-O 13. f3 Nd7 14. e4
Bf6 15. Bxf6 Nxf6 16. Nc3 a6 17. Rac1 Rfe8 18. Rfd1 Kf8 19. Kf2 Rad8 20. Rc2
Rd7 21. g4 h6 22. h4 Re5 23. b4 b6 24. Nd5 Nxd5 25. cxd5 Ke8 26. Ke3 f6 27. f4
Ree7 28. h5 Rf7 29. Rd3 Rd8 30. Rdc3 Rc8 31. Kd4 Re7 32. Ra3 Ra8 33. Rcc3 Kd7
34. Re3 Ree8 35. Ra4 Ra7 36. e5 dxe5+ 37. fxe5 fxe5+ 38. Rxe5 Rf8 39. Ke4 Raa8
40. Ra3 Rf6 41. g5 hxg5 42. Rg3 Re8 43. Rgxg5 Rxe5+ 44. Kxe5 Rf7 45. Rg6 Re7+
46. Kd4 Rf7 47. a3 Kc8 48. Ke5 Kd7 49. a4 Re7+ 50. Kd4 Kc8 51. b5 axb5 52. axb5
Rf7 53. Ke5 Kd7 54. Rc6 Rf8 55. Rg6 Rf7 56. d6 c6 57. bxc6+ Kxc6 58. Ke6 Rd7
59. Ke5 b5 60. Rg4 Rxd6 61. Rxg7 Rd5+ 62. Ke4 Rxh5 63. Kd4 Rh4+ 64. Kc3 Kb6 65.
Rg8 Rc4+ 66. Kb3 Rc6 67. Rb8+ Kc5 68. Rh8 Rc7 69. Rh5+ Kb6 70. Kb4 Rc4+ 71. Kb3
Rg4 72. Rf5 Ka5 73. Rf3 Rg5 74. Rh3 Rf5 75. Rg3 Rf1 76. Rh3 Rb1+ 77. Ka2 Rb4
78. Ka3 Re4 79. Kb3 1/2-1/2

[Event "Madrid ch Veteranos  2019-2020"]
[Site "Maddrid ESP"]
[Date "2020.01.13"]
[Round "1.12"]
[White "Calderon Martin, Antonio"]
[Black "Cabañas Bravo, Juan Andres"]
[Result "0-1"]
[WhiteElo "1614"]
[BlackElo "1947"]
[PlyCount "52"]
[EventDate "2020.01.13"]
[EventType "swiss"]
[EventRounds "9"]
[EventCountry "ESP"]
[SourceTitle "Ajedrez en Madrid"]
[Source "lmi"]
[SourceDate "2020.01.13"]
[SourceVersion "1"]
[SourceVersionDate "2020.01.27"]
[SourceQuality "1"]

1. e4 e5 2. Nf3 Nc6 3. Bb5 a6 4. Ba4 Nf6 5. d3 b5 6. Bb3 Bc5 7. O-O d6 8. Bg5
h6 9. Be3 Ba7 10. a4 b4 11. Qe1 a5 12. Bxa7 Rxa7 13. h3 Ne7 14. Nbd2 Ng6 15.
Rd1 c5 16. Nc4 Be6 17. Ne3 Bxb3 18. cxb3 O-O 19. Nd2 d5 20. exd5 Nxd5 21. Ndc4
Ndf4 22. Ng4 f6 23. Qe4 f5 24. Nxh6+ gxh6 25. Qe3 Qg5 26. Qf3 Nh4 0-1

[Event "Madrid ch Veteranos  2019-2020"]
[Site "Maddrid ESP"]
[Date "2020.01.13"]
[Round "1.13"]
[White "Vazquez Gonzalez, Francisco"]
[Black "Mendez Rodriguez, Carlos"]
[Result "1-0"]
[WhiteElo "1931"]
[BlackElo "1581"]
[PlyCount "37"]
[EventDate "2020.01.13"]
[EventType "swiss"]
[EventRounds "9"]
[EventCountry "ESP"]
[SourceTitle "Ajedrez en Madrid"]
[Source "lmi"]
[SourceDate "2020.01.13"]
[SourceVersion "1"]
[SourceVersionDate "2020.01.27"]
[SourceQuality "1"]

1. e4 c5 2. Nc3 g6 3. a3 Bg7 4. Bc4 Nc6 5. d3 e6 6. Ba2 h6 7. f4 Nge7 8. Nf3
O-O 9. O-O a6 10. Qe1 b5 11. Qh4 b4 12. axb4 Nxb4 13. Bb3 Nec6 14. Qg3 Na5 15.
Ba4 d5 16. Ne5 Qc7 17. Ng4 Bd7 18. Bxd7 Qxd7 19. Rxa5 1-0

[Event "Madrid ch Veteranos  2019-2020"]
[Site "Maddrid ESP"]
[Date "2020.01.13"]
[Round "1.14"]
[White "Martinez Pintor, Juan"]
[Black "De Paz Nistal, Santiago"]
[Result "0-1"]
[WhiteElo "1577"]
[BlackElo "1920"]
[PlyCount "32"]
[EventDate "2020.01.13"]
[EventType "swiss"]
[EventRounds "9"]
[EventCountry "ESP"]
[SourceTitle "Ajedrez en Madrid"]
[Source "lmi"]
[SourceDate "2020.01.13"]
[SourceVersion "1"]
[SourceVersionDate "2020.01.27"]
[SourceQuality "1"]

1. d4 Nf6 2. Nf3 g6 3. c4 d5 4. Nc3 Bg7 5. cxd5 Nxd5 6. e4 Nxc3 7. bxc3 c5 8.
Be3 O-O 9. Rc1 cxd4 10. cxd4 Nc6 11. h3 Qa5+ 12. Qd2 Qxd2+ 13. Kxd2 Rd8 14. d5
e6 15. Rc5 Bf8 16. Rc3 Bb4 0-1

[Event "Madrid ch Veteranos  2019-2020"]
[Site "Maddrid ESP"]
[Date "2020.01.13"]
[Round "1.15"]
[White "Vukotic Jovsic, Dragan"]
[Black "Martinez Martinez, Javier II"]
[Result "1/2-1/2"]
[WhiteElo "1918"]
[BlackElo "1572"]
[PlyCount "145"]
[EventDate "2020.01.13"]
[EventType "swiss"]
[EventRounds "9"]
[EventCountry "ESP"]
[SourceTitle "Ajedrez en Madrid"]
[Source "lmi"]
[SourceDate "2020.01.13"]
[SourceVersion "1"]
[SourceVersionDate "2020.01.27"]
[SourceQuality "1"]

1. e4 e5 2. Nf3 Nc6 3. Nc3 Nf6 4. d4 Bb4 5. Bg5 h6 6. Bxf6 Qxf6 7. d5 Ne7 8.
Qd3 O-O 9. O-O-O Ng6 10. g3 a6 11. h4 d6 12. h5 Nh8 13. Bh3 b5 14. Ne2 Bxh3 15.
Rxh3 c5 16. dxc6 Qe6 17. g4 Qxa2 18. c3 Bc5 19. g5 Qe6 20. Rh2 b4 21. Qd5 bxc3
22. Nxc3 hxg5 23. Qxe6 fxe6 24. Nxg5 Rf6 25. Na4 Rc8 26. Nxc5 Rxc6 27. Kb1 dxc5
28. Rg2 Nf7 29. Nxf7 Rxf7 30. h6 Kh7 31. hxg7 Rxg7 32. Rh1+ Kg8 33. Rgh2 Kf7
34. Rh5 Kf6 35. R1h3 Rf7 36. Kc2 Ke7 37. f3 Kd6 38. Rh8 c4 39. Kc3 Kc5 40. Rb8
Rd7 41. Rf8 Rd3+ 42. Kc2 Rcd6 43. Rh5 Kd4 44. f4 Kxe4 45. fxe5 Rd2+ 46. Kc3
R6d3+ 47. Kxc4 Rc2+ 48. Kb4 Rxb2+ 49. Kc4 Rc2+ 50. Kb4 a5+ 51. Kxa5 Rd5+ 52.
Kb4 Rxe5 53. Rh4+ Ke3 54. Rh3+ Kd4 55. Kb3 Rce2 56. Rf4+ R5e4 57. Rf8 R2e3+ 58.
Rxe3 Kxe3 59. Kc2 e5 60. Kd1 Rd4+ 61. Ke1 e4 62. Rh8 Ra4 63. Rh3+ Kd4 64. Rb3
Ra2 65. Kd1 e3 66. Rb8 Ra1+ 67. Ke2 Ra2+ 68. Ke1 Ra5 69. Rd8+ Rd5 70. Rxd5+
Kxd5 71. Ke2 Ke4 72. Ke1 Kd3 73. Kd1 1/2-1/2

[Event "Madrid ch Veteranos  2019-2020"]
[Site "Maddrid ESP"]
[Date "2020.01.13"]
[Round "1.16"]
[White "Rodriguez Bachiller, Luis"]
[Black "Campos Calvo-Sotelo, Javier"]
[Result "0-1"]
[WhiteElo "1568"]
[BlackElo "1908"]
[PlyCount "84"]
[EventDate "2020.01.13"]
[EventType "swiss"]
[EventRounds "9"]
[EventCountry "ESP"]
[SourceTitle "Ajedrez en Madrid"]
[Source "lmi"]
[SourceDate "2020.01.13"]
[SourceVersion "1"]
[SourceVersionDate "2020.01.27"]
[SourceQuality "1"]

1. e4 d5 2. exd5 Nf6 3. Bb5+ Bd7 4. Be2 Nxd5 5. d4 Bf5 6. c4 Nb4 7. Na3 e6 8.
c5 N8c6 9. Nf3 Be7 10. O-O O-O 11. Bd2 a5 12. Bxb4 axb4 13. Nc4 Bf6 14. Nce5
Bxe5 15. dxe5 Qe7 16. Qc1 Ra5 17. Qf4 Rxc5 18. Rfc1 Ra8 19. b3 Raa5 20. Rxc5
Rxc5 21. g4 Bg6 22. h4 f6 23. exf6 Qxf6 24. Qxf6 gxf6 25. Bc4 Bf7 26. Re1 e5
27. Nd2 Nd4 28. Kg2 Ra5 29. Bxf7+ Kxf7 30. Rc1 c6 31. Nc4 Rxa2 32. Nd6+ Ke6 33.
Nxb7 Rc2 34. Rb1 Rc3 35. Na5 Kd5 36. Kf1 c5 37. Kg2 Ke4 38. g5 fxg5 39. hxg5
Kf5 40. Rh1 Nxb3 41. Nxb3 Rxb3 42. Rh2 Kxg5 0-1

[Event "Madrid ch Veteranos  2019-2020"]
[Site "Maddrid ESP"]
[Date "2020.01.13"]
[Round "1.17"]
[White "Marin Aso, Jose Luis"]
[Black "Tudela Garcia, Antonio"]
[Result "1-0"]
[WhiteElo "1907"]
[BlackElo "1567"]
[PlyCount "95"]
[EventDate "2020.01.13"]
[EventType "swiss"]
[EventRounds "9"]
[EventCountry "ESP"]
[SourceTitle "Ajedrez en Madrid"]
[Source "lmi"]
[SourceDate "2020.01.13"]
[SourceVersion "1"]
[SourceVersionDate "2020.01.27"]
[SourceQuality "1"]

1. c4 b6 2. Nc3 Bb7 3. e4 e6 4. Nf3 Bb4 5. Bd3 Ne7 6. O-O Bxc3 7. bxc3 c5 8.
Bc2 Nbc6 9. d4 Qc7 10. d5 d6 11. dxc6 Nxc6 12. Qe2 O-O-O 13. Re1 e5 14. Nd2 h5
15. Nf1 f6 16. Ne3 Qf7 17. Rd1 g6 18. Bd2 Na5 19. Be1 Kb8 20. Rd2 Bc6 21. Qd1
Qe6 22. f3 Rh7 23. Ba4 Bxa4 24. Qxa4 f5 25. Rb1 Rb7 26. Bh4 Rc8 27. Rbd1 Rc6
28. exf5 gxf5 29. Nxf5 Qxf5 30. Rxd6 Rxd6 31. Rxd6 Rc7 32. Qd1 Nc6 33. Rf6 Rd7
34. Qc1 Qd3 35. Rxc6 Qxc4 36. Qg5 Rd1+ 37. Kf2 Qf1+ 38. Kg3 Kb7 39. Re6 Qe1+
40. Kh3 Qxc3 41. Qxe5 Qc4 42. Re7+ Ka6 43. Qb8 Qc2 44. Rxa7+ Kb5 45. Qe8+ Kb4
46. a3+ Kb3 47. Qe6+ Kb2 48. Qxb6+ 1-0

[Event "Madrid ch Veteranos  2019-2020"]
[Site "Maddrid ESP"]
[Date "2020.01.13"]
[Round "1.18"]
[White "Villodre Miranda, Juan Alonso"]
[Black "Sotoca Aguado, Jose"]
[Result "0-1"]
[WhiteElo "1567"]
[BlackElo "1905"]
[PlyCount "44"]
[EventDate "2020.01.13"]
[EventType "swiss"]
[EventRounds "9"]
[EventCountry "ESP"]
[SourceTitle "Ajedrez en Madrid"]
[Source "lmi"]
[SourceDate "2020.01.13"]
[SourceVersion "1"]
[SourceVersionDate "2020.01.27"]
[SourceQuality "1"]

1. c4 Nf6 2. Nc3 e6 3. d4 Bb4 4. e3 O-O 5. Bd2 d5 6. c5 c6 7. a3 Ba5 8. b4 Bc7
9. g3 Nbd7 10. Bg2 e5 11. Nge2 Re8 12. O-O e4 13. h3 Nf8 14. f4 exf3 15. Rxf3
Ne6 16. Kh2 Ng5 17. Rf1 Nfe4 18. Nxe4 Nxe4 19. Bxe4 Rxe4 20. Nc3 Rh4 21. Be1
Qd7 22. Kg1 Qxh3 0-1

[Event "Madrid ch Veteranos  2019-2020"]
[Site "Maddrid ESP"]
[Date "2020.01.13"]
[Round "1.19"]
[White "Esteban Amo, Jose M."]
[Black "Martinez Carrasco, Jesus"]
[Result "1-0"]
[WhiteElo "1905"]
[BlackElo "1566"]
[PlyCount "41"]
[EventDate "2020.01.13"]
[EventType "swiss"]
[EventRounds "9"]
[EventCountry "ESP"]
[SourceTitle "Ajedrez en Madrid"]
[Source "lmi"]
[SourceDate "2020.01.13"]
[SourceVersion "1"]
[SourceVersionDate "2020.01.27"]
[SourceQuality "1"]

1. d4 Nf6 2. Nf3 g6 3. Bg5 Bg7 4. e3 O-O 5. c4 d5 6. Be2 c6 7. O-O Nbd7 8. Nc3
Re8 9. Qb3 Nb6 10. cxd5 cxd5 11. Rac1 Bd7 12. Nb5 Bc6 13. Bf4 Bxb5 14. Bxb5
Nfd7 15. Bc7 e5 16. Bxd8 Raxd8 17. Nxe5 Bxe5 18. dxe5 Rxe5 19. a4 a6 20. Bxd7
Nxd7 21. Qxb7 1-0

[Event "Madrid ch Veteranos  2019-2020"]
[Site "Maddrid ESP"]
[Date "2020.01.13"]
[Round "1.20"]
[White "Martinez Miura, Enrique"]
[Black "Garcia Galeote, Lorenzo"]
[Result "0-1"]
[WhiteElo "1561"]
[BlackElo "1901"]
[PlyCount "68"]
[EventDate "2020.01.13"]
[EventType "swiss"]
[EventRounds "9"]
[EventCountry "ESP"]
[SourceTitle "Ajedrez en Madrid"]
[Source "lmi"]
[SourceDate "2020.01.13"]
[SourceVersion "1"]
[SourceVersionDate "2020.01.27"]
[SourceQuality "1"]

1. e4 Nc6 2. d4 d5 3. e5 f6 4. f4 Bf5 5. c3 e6 6. Bd3 Nh6 7. Bxf5 Nxf5 8. Nf3
Be7 9. O-O O-O 10. Qd3 Qd7 11. Be3 fxe5 12. fxe5 Rf7 13. Nbd2 Raf8 14. Bg5 Nd8
15. Bxe7 Qxe7 16. c4 c6 17. cxd5 cxd5 18. Rac1 Nc6 19. a3 a5 20. Nb3 Nh4 21.
Nxh4 Rxf1+ 22. Rxf1 Rxf1+ 23. Qxf1 Qxh4 24. g3 Qe4 25. Qc1 a4 26. Nc5 Qxd4+ 27.
Kg2 Nxe5 28. Nxb7 Qe4+ 29. Kh3 Qf5+ 30. Kg2 h5 31. Qc8+ Kh7 32. Qe8 Qf3+ 33.
Kh3 Ng6 34. Qb5 Nf4+ 0-1

[Event "Madrid ch Veteranos  2019-2020"]
[Site "Maddrid ESP"]
[Date "2020.01.13"]
[Round "1.23"]
[White "Viñas Lopez, Carlos"]
[Black "Diaz Begonte, Manuel"]
[Result "1-0"]
[WhiteElo "1860"]
[BlackElo "1507"]
[PlyCount "65"]
[EventDate "2020.01.13"]
[EventType "swiss"]
[EventRounds "9"]
[EventCountry "ESP"]
[SourceTitle "Ajedrez en Madrid"]
[Source "lmi"]
[SourceDate "2020.01.13"]
[SourceVersion "1"]
[SourceVersionDate "2020.01.27"]
[SourceQuality "1"]

1. d4 d5 2. Bf4 Nf6 3. e3 e6 4. Nd2 c5 5. c3 Nc6 6. Ngf3 Be7 7. Ne5 c4 8. Be2
a6 9. O-O Nd7 10. e4 Ndxe5 11. dxe5 O-O 12. Qc2 b5 13. b3 Bb7 14. exd5 exd5 15.
Rad1 Bg5 16. Bg3 Qe7 17. Nf3 Rad8 18. Nxg5 Qxg5 19. f4 Qe7 20. Bf2 Rfe8 21. Bb6
Rb8 22. Bf3 Nd8 23. b4 Qe6 24. Bc5 f6 25. Rfe1 Nf7 26. f5 Qc8 27. exf6 Rxe1+
28. Rxe1 gxf6 29. Bd4 Qd8 30. Re6 Ng5 31. Rxf6 Nxf3+ 32. gxf3 Qd7 33. Qg2+ 1-0